00925 2200205 4500001002100000005001500021035002000036008004100056245003900097100001900136250000600155260003800161300001200199084001400211082000800225650001000233520045200243990001200695990001200707INLIS00000000000129620240521101423 a0010-0524000531240521 1 ind 1 aPacar Pura - Pura /cErlin Cahyadi aCahyadi, Erlin a1 aYogyakarta :bSheila/ Andi,c2010 a202 hlm a813 ERL p a813 4aFiksi aAcha (atau Aca ya?? Gw lupa), seorang tokoh ambisius yang terobsesi dengan mantannya. Sang mantan, Dennys, meninggalkan Acha demi cewek lain yang pastinya lebih cantik darinya. Acha yang tidak menerima perlakuan Dennys yang mencampakkan ia begitu saja, merancang sebuah rencana untuk memberi pelajaran ke Dennys. Rencananya simpel, Acha harus jadian dengan seorang cowok populer dan membuat sang mantan menyesal atas apa yang ia tidak miliki lagi. a0741434 a0741435